| 000 | 00560nam a2200241 a 4500 | ||
|---|---|---|---|
| 001 | nice12345678 | ||
| 003 | IN_TiNIC | ||
| 005 | 20260116011808.0 | ||
| 008 | 050524s1932 egya grp 000 0 ara | ||
| 020 |
_a _c100 |
||
| 082 | 0 | 0 |
_a232.9 _bSPE |
| 100 | _aSpeer, R E | ||
| 245 | _aAl-Qaulas Sareeh | ||
| 260 |
_aEgypt _bMatba-E-Neel _c1932 |
||
| 300 | _a55p | ||
| 500 | _aincludes index and biblioraphy | ||
| 505 | 2 | _aReserve copies | |
| 650 | _aJesus Christ-Character | ||
| 700 | 1 | _aSpeer, R E | |
| 902 | _bSRS | ||
| 942 | _cBK | ||
| 999 |
_c4029 _d4029 |
||